| Tag |
First Indicator |
Second Indicator |
Subfields |
| LEADER |
00000cam a2200000Ii 4500 |
| 001 |
in00003908113 |
| 005 |
20180214132939.0 |
| 008 |
170401t20172017nyuab b 001 0 eng d |
| 010 |
|
|
|a 2017939889
|
| 020 |
|
|
|a 9783319571676
|
| 020 |
|
|
|a 3319571672
|
| 035 |
|
|
|a (OCoLC)ocn981117080
|
| 040 |
|
|
|a BTCTA
|e rda
|c BTCTA
|d YDX
|d BDX
|d CDX
|d UtOrBLW
|
| 043 |
|
|
|a a-cb---
|a a-vt---
|a n-us---
|
| 049 |
|
|
|a TXAM
|
| 050 |
|
4 |
|a DS559.912
|b .N56 2017
|
| 082 |
0 |
|
|a 305.8959/22
|2 23
|
| 100 |
1 |
|
|a Ninh, Thien-Huong T.,
|e author.
|
| 245 |
1 |
0 |
|a Race, gender, and religion in the Vietnamese diaspora :
|b the new chosen people /
|c Thien-Huong T. Ninh.
|
| 264 |
|
1 |
|a New York :
|b Palgrave Macmillan,
|c [2017]
|
| 264 |
|
4 |
|c ©2017
|
| 300 |
|
|
|a xi, 219 pages :
|b color illustrations, maps (some color) ;
|c 22 cm.
|
| 336 |
|
|
|a text
|b txt
|2 rdacontent
|
| 337 |
|
|
|a unmediated
|b n
|2 rdamedia
|
| 338 |
|
|
|a volume
|b nc
|2 rdacarrier
|
| 490 |
1 |
|
|a Christianities of the world
|
| 504 |
|
|
|a Includes bibliographical references (pages 209-211) and index.
|
| 650 |
|
0 |
|a Vietnamese diaspora
|x Social aspects.
|
| 650 |
|
0 |
|a Vietnamese
|z United States
|x Religion.
|
| 650 |
|
0 |
|a Vietnamese
|z Cambodia
|x Religion.
|
| 650 |
|
0 |
|a Vietnamese
|z United States
|x Ethnic identity.
|
| 650 |
|
0 |
|a Vietnamese
|z Cambodia
|x Ethnic identity.
|
| 830 |
|
0 |
|a Christianities of the world.
|0 http://id.loc.gov/authorities/names/no2012038306
|
| 945 |
|
|
|b 279716
|
| 947 |
|
|
|a A14850241671
|
| 948 |
|
|
|a cataloged
|b h
|c 2017/10/23
|d c
|e dmitchel
|f 10:10:10 am
|
| 994 |
|
|
|a 92
|b TXA
|
| 999 |
f |
f |
|s c170eed8-6b0a-33bb-9cd4-f4ee7eda0bc4
|i 9a9009d1-3187-3bca-8ccb-063e1b73ca6b
|t 0
|
| 952 |
f |
f |
|p normal
|a Texas A&M University
|b College Station
|c Sterling C. Evans Library
|d Evans: Library Stacks
|t 0
|e DS559.912 .N56 2017
|h Library of Congress classification
|i unmediated -- volume
|m A14850241671
|
| 998 |
f |
f |
|a DS559.912 .N56 2017
|t 0
|l Evans: Library Stacks
|